000 00715nam a2200253Ia 4500
003 OSt
005 20220927110641.0
006 a|||||r|||| 00| 0
007 ta
008 220926b |||||||| |||| 00| 0 eng d
024 _a92424
037 _cReports
040 _aRTL
_cRTL
_beng
041 _2eng
_aeng
082 _a"X9(F54).2:N46t, H6/GD"
110 _aIndia Planning And Development (Deptt)
_9379598
245 0 _a"Report of the panel on sugar, alcohol and food yeast industries"
260 _c1946
300 _a33p.
_ccm.
650 _aFuel
700 _aIndia Planning And Development (Deptt)
_9379599
942 _h"X9(F54).2:N46t, H6/GD"
_cCC
999 _c697522
_d697522